Guess the Album cover - Statistics

General Stats
  • This quiz has been taken 834 times
  • The average score is 11 of 20
Answer Stats
Picture Answer % Correct
IGOR
80%
Astroworld
78%
Thriller
78%
The Miseducation of Lauryn Hill
77%
To Pimp a Butterfly
76%
My Beautiful Dark Twisted Fantasy
73%
Abbey Road
72%
Rodeo
69%
The Dark Side of the Moon
69%
OK Computer
66%
Ye
59%
After Hours
58%
Currents
56%
Wish You Were Here
51%
Swimming
41%
Led Zeppelin IV
32%
Definitely Maybe
22%
Unknown Pleasures
22%
Whatever People Say I Am, That's What I'm Not
21%
All Things Must Pass
16%
No matching quizzes found
Score Distribution
Percent of People with Each Score
Percentile by Number Answered
Your Score History
You have not taken this quiz